| 000 | 00666cab a2200205 4500 | ||
|---|---|---|---|
| 001 | ABS68474 | ||
| 008 | 041110n2004 000 0 eng u | ||
| 035 | _a(Sirsi) u127930 | ||
| 100 | _aGardiner, J. | ||
| 245 | 4 | _aThe new towns | |
| 260 | _c2004 | ||
| 490 |
_aRegeneration and Renewal _v29 October 2004, 19-23(5) |
||
| 520 | _aEvaluates the success of new towns from their creation in the post-war period of reconstruction up to the present day. Focuses on Skelmersdale and Milton Keynes. | ||
| 590 | _aABS | ||
| 650 | _aNEW TOWNS | ||
| 650 | _aPOST-WAR REDEVELOPMENT | ||
| 650 | _aURBAN DEVELOPMENT CORPORATIONS | ||
| 690 | _aREGENERATION | ||
| 942 | _n0 | ||
| 999 |
_c74596 _d74596 |
||